| 000 | 00798nam a22002537a 4500 | ||
|---|---|---|---|
| 003 | CHAP | ||
| 005 | 20220329140552.0 | ||
| 008 | 971013s1970 r 10010 d | ||
| 010 | _a54095 | ||
| 011 | _a55067 | ||
| 035 | _a59219 | ||
| 040 | _cCHAP | ||
| 082 |
_a631.521 _bS3 1968 |
||
| 111 | 0 | 0 |
_aSeminario Brasileiro de Sementes ( _n2 _d: 1968 _c: Pelotas, Rio Grande do Sul) _9103994 |
| 245 | _aAnais | ||
| 260 |
_aRio de Janeiro : _bInstituto de Pesquisas e Experimentacao Agropecuarias do Sul, _c1970 |
||
| 300 | _a369 p. | ||
| 590 |
_aBATCH-UPD _b10 _c20130110 _lUCH01 _h0612 |
||
| 590 |
_aCONVERSION _b10 _c20130109 _lUCH01 _h1329 |
||
| 650 | 1 | 4 |
_aSemillas _xCongresos. _9103885 |
| 901 | _aBK | ||
| 942 | _cLIBRO | ||
| 949 |
_a631.521 S3 1968 _bBC _cLIBRO _d33724000085312 _eLIBRO _h43311 _i59219 _si |
||
| 999 |
_c54095 _d54095 |
||